000 01083nam0a22003011 4500
001 RU\NLR\INFOCOMM_165\5000006019
005 20260419063801.0
035 _a(NLR Aleph) 009205731
090 _a8717811
_c8717811
100 _a20100505d1989 |||y0rusy50 ca
101 1 _ascr
_crus
102 _aRU
105 _aa ||||000|y
200 1 _aHruščov
_eŽivot i sudbina
_f[Sast. Aleksej Serov
_gS rus. prev. Vladimir Poplavski]
210 _aΜ.
_cIzd. preduzeće Agencije za štampu "Novosti"
_d1989
215 _a47 с.
_cпортр.
_d19 см
225 1 _aPublicistika perestrojke
300 _aВ вып. дан.: Хрущев : Жизнь и судьба
600 1 _aХрущев
_bН. С.
_gНикита Сергеевич
_2nlr_sh1
686 _aТ3(2)7-8
_2rubbk
686 _aФ61(2)8
_2rubbk
702 1 _aSerov
_bA.
_f1936-
_gAleksej
_4220
702 1 _4570
_7ba
_8rus
_aChruščev
_bN. S.
_f1894-1971
_gNikita Sergeevič
_3RU\NLR\AUTH\770229277
_9229221
801 1 _aRU
_bNLR
_c20100505
801 0 _aRU
_bNLR
_gPSBO
852 _aNLR
_jСл Хорв-2/1857
942 _cBOOK
980 _aNB